| 000 | 00948cab a2200205 4500 | ||
|---|---|---|---|
| 001 | ##L134315 | ||
| 008 | 060725n2006 000 0 eng u | ||
| 035 | _a(Sirsi) u134315 | ||
| 041 | 0 | _aeng | |
| 100 | 1 | _aMarshall, Stephen | |
| 245 | 0 | 0 |
_aPallant House Gallery _bmany works in the collection are modest in size, meant originally for domestic spaces |
| 260 | _c2006 | ||
| 490 | 0 |
_aArchitects' Journal _v3(224) 20 July 2006, 23-37(15) |
|
| 520 | _aReports on the design and architectural work involved in the conversion of a Grade I listed Queen Anne house in Chichester, West Sussex into an art gallery. Contains lay-out plans, section drawings and costings. A separate article looks at the vaulted roof and suspended ceiling platform constructed on the second floor of a new wing of the property. | ||
| 590 | _aIKA010806 | ||
| 651 | 4 | _aWEST SUSSEX | |
| 690 | _aBUILT ENVIRONMENT-BUILDING COSTS | ||
| 700 | 1 | _aDawson, Susan | |
| 942 | _n0 | ||
| 999 |
_c77451 _d77451 |
||